| 000 | 00711cam a22002411 4500 | ||
|---|---|---|---|
| 001 | sa 65001109 | ||
| 003 | DLC | ||
| 005 | 20260227112107.0 | ||
| 008 | 860923s1962 ii 000 0 telx | ||
| 010 | _asa 65001109 | ||
| 025 | _aPL480:I-Te-668 | ||
| 035 | _a(OCoLC)15302337 | ||
| 040 |
_aDLC _cNN _dDLC |
||
| 042 | _apremarc | ||
| 050 | 0 | 0 |
_aPL4780.9.A49 _bP6 |
| 100 | 2 | _aĀñjanēya Prasād, Pōlūri. | |
| 245 | 1 | 0 |
_aPōtana. _cRacana: Pōlūri Āñjanēya Prasād. |
| 260 |
_a[Guṇṭūru?] _bKollūru Paurulu; _b[pratulaku: Pōtana Granthamāla, Kollūru, _c1962?] |
||
| 300 |
_avi, 53 p. _c19 cm. |
||
| 500 | _aIn Telugu. | ||
| 500 | _aA poem. | ||
| 600 | 0 | 0 |
_aPōtana, _dactive 15th century _vPoetry. |
| 999 |
_c61897 _d61897 |
||